Normal view
MARC view
- تأليف صادق، نبيل /م.مشارك مصطفى حسان
Entry Personal Name
001 - CONTROL NUMBER
- control field: 34795
003 - CONTROL NUMBER IDENTIFIER
- control field: JO-AjAnu
005 - DATE AND TIME OF LATEST TRANSACTION
- control field: 20230606075826.0
008 - FIXED-LENGTH DATA ELEMENTS
- fixed length control field: 230606|| aca||aabn | a|a d
040 ## - CATALOGING SOURCE
- Original cataloging agency: JO-AjAnu
- Transcribing agency: JO-AjAnu
100 ## - HEADING--PERSONAL NAME
- Personal name: تأليف صادق، نبيل /م.مشارك مصطفى حسان
670 ## - SOURCE DATA FOUND
- Source citation: Work cat.: (JO-AjAnu)17870: تأليف صادق، نبيل /م.مشارك مصطفى حسان, author, العلاقات العامة في المؤسسات الاجتماعية: لجميع طلاب بكالوريس الخدمة الاجتماعية